000 00407nam a2200169Ia 4500
008 230524s9999 xx 000 0 und d
020 _a818811422005
082 _a629.222
_bGUP
100 _aK.M. Gupta
245 0 _aAutomobile Engineering Vol-1
250 _a1
260 _aNew Delhi
_bUmesh Pub
_c2012
300 _a"1;590p,"
500 _aQuantity Number: 50
650 _aMechanics
942 _cBK
999 _c54248
_d54248